书目信息 |
| 题名: |
手绘UI
|
|
| 作者: | 韩少云 , 刘涛 , 刘杨 著 | |
| 分册: | ||
| 出版信息: | 北京 清华大学出版社 2019 |
|
| 页数: | 169页 | |
| 开本: | 24cm | |
| 丛书名: | ||
| 单 册: | ||
| 中图分类: | TP11 | |
| 科图分类: | ||
| 主题词: | 人机界面--ren ji jie mian--产品设计 | |
| 电子资源: | ||
| ISBN: | 978-7-302-45209-6 | |
| 000 | 01416nam0 2200301 450 | |
| 001 | 1933287612 | |
| 005 | 20190508113155.0 | |
| 010 | @a978-7-302-45209-6@dCNY 69.00 | |
| 099 | @aCAL 012019059579 | |
| 100 | @a20190508d2019 em y0chiy50 ea | |
| 101 | 0 | @achi |
| 102 | @aCN@b110000 | |
| 105 | @aa z 000yy | |
| 200 | 1 | @a手绘UI@Ashou hui UI@e给UI设计师看的素描书@f韩少云, 刘涛, 刘杨著 |
| 210 | @a北京@c清华大学出版社@d2019 | |
| 215 | @a169页@c彩图@d24cm | |
| 314 | @a韩少云,达内科技(中国)有限公司创始人,总裁/CEO加拿大专业人士,前亚信公司软件事业部副总工程师,软件设计专家、课程设计专家和教师培训专家。 | |
| 314 | @a刘涛,达内时代科技集团教研副总裁具有18年数字艺术行业教学经验,Adobe中国第一期网页设计与平面设计双讲师认证,Adobe专家委员会委员。 | |
| 314 | @a刘杨,达内IT培训集团数字艺术教研部美术讲师毕业于西安美术学院,曾任教于北京国际艺术学校、北京徐悲鸿美术学校、北京智博培训学校,主要负责美术教学研发与日常授课,输送美术人才近千人。 | |
| 330 | @a本书基于当下的移动互联网时代背景,通过UI中造型与设计的关联、界面造型典型元素的提炼与绘制等,旨在让读者能更全面了解当下的设计领域以及技术。 | |
| 517 | 1 | @a给UI设计师看的素描书@Agei UI she ji shi kan de su miao shu |
| 606 | 0 | @a人机界面@Aren ji jie mian@x产品设计 |
| 690 | @aTP11@v5 | |
| 701 | 0 | @a韩少云@Ahan shao yun@4著 |
| 701 | 0 | @a刘涛@Aliu tao@4著 |
| 701 | 0 | @a刘杨@Aliu yang@4著 |
| 801 | 0 | @aCN@bNEU @c20190508 |
| 905 | @aBZT@dTP11@e2 | |
| 手绘UI:给UI设计师看的素描书/韩少云, 刘涛, 刘杨著.-北京:清华大学出版社,2019 |
| 169页:彩图;24cm |
| ISBN 978-7-302-45209-6:CNY 69.00 |
| 本书基于当下的移动互联网时代背景,通过UI中造型与设计的关联、界面造型典型元素的提炼与绘制等,旨在让读者能更全面了解当下的设计领域以及技术。 |
| ● |
| 相关链接 |
|
|
|
正题名:手绘UI
索取号:TP11/2
 
预约/预借
| 序号 | 登录号 | 条形码 | 馆藏地/架位号 | 状态 | 备注 |
| 1 | 866341 | 2000866341 | 第二书库/ [索取号:TP11/2] | 在馆 | |
| 2 | 866342 | 2000866342 | 第二书库/ [索取号:TP11/2] | 在馆 | |
| 3 | 866343 | 2000866343 | 第二书库/ [索取号:TP11/2] | 在馆 |